00465nam a22001577a 450000500170000000800410001702000150005804100130007308200150008610000270010124500540012825000190018226000470020130000330024865000260028120240110072830.0240110b |||||||| |||| 00| 0 eng d a0702145785 aEnglish  a347.7 VAN  aVan Blerk, PlEnglish  aLegal Drafting : Civil proceedings cP Van Blerk  aFirst Edition  aCape Town : bJuta and Company Ltd, c1998 bxvi, 110 pages ; c25,5 cm.  aLegal practice bLaw